Sister Cities of Canada - Statistics

General Stats
  • This quiz has been taken 5 times
  • The average score is 26 of 342
Answer Stats
Canadian City Country Sister City % Correct
Ottawa Beijing
60%
Vancouver Los Angeles
60%
Toronto Milan
60%
Montreal Shanghai
60%
Montreal Algiers
40%
Montreal Antananarivo
40%
Montreal Athens
40%
Quebec City Bordeaux
40%
Montreal Busan
40%
Winnipeg Chengdu
40%
Toronto Chicago
40%
Toronto Chongqing
40%
Calgary Daejeon
40%
Cape Breton Dalian
40%
Vancouver Edinburgh
40%
Vancouver Guangzhou
40%
Edmonton Harbin
40%
Montreal Hiroshima
40%
Regina Jinan
40%
Montreal Lucknow
40%
Winnipeg Lviv
40%
Montreal Lyon
40%
Laval Manila
40%
Winnipeg Manila
40%
Hamilton Monterrey
40%
Laval Nice
40%
Perth Perth
40%
St. Catharines Port of Spain
40%
Calgary Quebec City
40%
Winnipeg Reykjavík
40%
Montreal Rio de Janeiro
40%
Vaughan Sanjō
40%
Saint John Shantou
40%
Montreal Tunis
40%
Saint-Lambert Vernon
40%
Richmond Xiamen
40%
Quebec City Xi'an
40%
Montreal Yerevan
40%
Lethbridge Anyang
20%
Burlington Apeldoorn
20%
Sidney Cairns
20%
Quebec City Calgary
20%
Kentville Camrose
20%
Saguenay Camrose
20%
Windsor Changchun
20%
Châteauguay Châteauguay
20%
North Vancouver Chiba
20%
Toronto Frankfurt am Main
20%
Bracebridge Gol
20%
Windsor Gunsan
20%
Airdrie Gwacheon
20%
Nanaimo Haikou
20%
Shawinigan Hamilton
20%
Burnaby Hwaseong
20%
Burlington Itabashi (Tokyo)
20%
Calgary Jaipur
20%
Prince Albert Jilin City
20%
Winnipeg Jinju
20%
Whitehorse Juneau
20%
Hamilton Kaga
20%
Camrose Kentville
20%
Belleville Lahr
20%
Whitby Longueuil
20%
Burnaby Mesa
20%
Winnipeg Minneapolis
20%
North Bay Moncton
20%
London Nanjing
20%
Halifax Norfolk
20%
Moncton North Bay
20%
Vancouver Odesa
20%
Brockville Ontario
20%
Coquitlam Paju
20%
Calgary Phoenix
20%
Camrose Saguenay
20%
Vernon Saint-Lambert
20%
Laval San Salvador
20%
Hamilton Shawinigan
20%
Victoria Suzhou
20%
Winnipeg Taichung
20%
St. John's Waterford
20%
Longueuil Whitby
20%
Whitby Whitby
20%
Granby Windsor
20%
Edmonton Wonju
20%
Markham Wuhan
20%
Vancouver Yokohama
20%
Port Alberni Abashiri
0%
Gimli Akureyri
0%
Sidney Anacortes
0%
Vernon Anandpur Sahib
0%
Saguenay Angoulême
0%
Kimberley Annaka
0%
Peterborough Ann Arbor
0%
Sainte-Thérèse Annecy
0%
Perth Asago
0%
Charlottetown Ashibetsu
0%
Côte Saint-Luc Ashkelon
0%
Wetaskiwin Ashoro
0%
Renews-Cappahayden Athenry
0%
Vaughan Baguio
0%
Nelson Baie Saint-Paul
0%
Oliver Bandai
0%
Saint John Bangor
0%
Goderich Bay City
0%
Coaticook Beaupréau-en-Mauges
0%
Winnipeg Beersheba
0%
Repentigny Bergerac
0%
Chatham-Kent Bielawa
0%
Ashcroft Bifuka
0%
Collingwood Boone
0%
Laval Botoșani
0%
St. Thomas Bowling Green
0%
Drummondville Braine-l'Alleud
0%
Joliette Brive-la-Gaillarde
0%
Cap-Pelé Broussard
0%
Bromont Cabourg
0%
Châteauguay Cambrai
0%
Halifax Campeche
0%
Prince Rupert Cangzhou
0%
Dieppe Carencro
0%
Granby Carrefour
0%
Markham Cary
0%
Kentville Castel di Sangro
0%
Guelph Castelfranco Veneto
0%
Ottawa Catania
0%
Mirabel Châlons-en-Champagne
0%
Blainville Chambéry
0%
Shawinigan Chambéry
0%
Barrhead Chapala
0%
Saskatoon Chernivtsi
0%
Whitehorse Chortkiv
0%
Kingston Cienfuegos
0%
Cobourg Coburg
0%
Cranbrook Coeur d'Alene
0%
Victoriaville Colomiers
0%
Salaberry-de-Valleyfield Combs-la-Ville
0%
Carleton Place Comrie
0%
Cornwall Coventry
0%
Granby Coventry
0%
Windsor Coventry
0%
Lethbridge Culver City
0%
Calgary Daqing
0%
Lake Cowichan Date
0%
Owen Sound Dayi County
0%
Vaughan Delia
0%
Dieppe Dieppe
0%
Saint John Donghae
0%
Oakville Dorval
0%
Lac-Mégantic Dourdan
0%
Barrhead Drouin (Baw Baw)
0%
Thunder Bay Duluth
0%
Varennes El Jadida
0%
Castlegar Enbetsu
0%
Alma Falaise
0%
Lac-Mégantic Farmington
0%
Hamilton Flint
0%
Sault Ste. Marie Forssa
0%
Vernon Frankenburg am Hausruck
0%
Carleton Place Franklin
0%
Tecumseh Frosinone
0%
Windsor Fujisawa
0%
Abbotsford Fukagawa
0%
Hamilton Fukuyama
0%
Chatham-Kent Gangbuk (Seoul)
0%
Edmonton Gatineau
0%
Thunder Bay Gifu
0%
Cape Breton Givenchy-en-Gohelle
0%
Windsor Granby
0%
Lethbridge Great Falls
0%
Belleville Gunpo
0%
Halifax Hakodate
0%
Jasper Hakone
0%
Granby Hammam-Lif
0%
Chatham-Kent Harpers Ferry
0%
Barrie Harrogate
0%
Tillsonburg Hengshui
0%
Canmore Higashikawa
0%
Taber Higashiōmi
0%
Oakville Huai'an
0%
Cold Lake Hügelsheim
0%
North Vancouver Huizhou
0%
Penticton Ikeda
0%
White Rock Imperial Beach
0%
Salmon Arm Inashiki
0%
Campbell River Ishikari
0%
Hope Izu
0%
Nelson Izu
0%
Thunder Bay Jiaozuo
0%
Brantford Kamianets-Podilskyi
0%
Camrose Kamifurano
0%
Sparwood Kamisunagawa
0%
Nelson Kaoma District
0%
Mississauga Kariya
0%
Whistler Karuizawa
0%
Kelowna Kasugai
0%
Collingwood Katano
0%
Prince Rupert Ketchikan
0%
Hampstead Kiryat Shmona
0%
Barrhead Kitami
0%
Laval Klagenfurt
0%
Drummondville Kochersberg (commaunté)
0%
Greater Sudbury Kokkola
0%
Vegreville Kolomyia Raion
0%
Surrey Kōtō (Tokyo)
0%
Winnipeg Kuopio
0%
Burnaby Kushiro
0%
Longueuil Lafayette
0%
Moncton Lafayette
0%
Saint-Lambert La Flèche
0%
Sainte-Agathe-des-Monts Lagny-sur-Marne
0%
Sainte-Thérèse Lagoa
0%
Richmond Hill Lakeland
0%
Vaughan Lanciano
0%
Whitehorse Lancieux
0%
Drummondville La Roche-sur-Yon
0%
Windsor Las Vueltas
0%
Laval Laval
0%
Lévis Le Grand-Quevilly
0%
Aurora Leksand
0%
New Westminster Lijiang
0%
Thunder Bay Little Canada
0%
Guelph Loria
0%
Shippagan Loudun
0%
Windsor Lublin
0%
Hamilton Ma'anshan
0%
Prince George Maardu
0%
Sault Ste. Marie Maia
0%
Hamilton Mangalore
0%
Windsor Mannheim
0%
Grande Prairie Mazatlán
0%
Owen Sound Miamisburg
0%
Didsbury Miki
0%
Sainte-Adèle Mingguang
0%
Vernon Modesto
0%
Cavan Monaghan Monaghan
0%
Miramichi Monaghan
0%
Peterborough Monaghan
0%
Sherbrooke Montpellier
0%
Montreal Montréal-la-Cluse
0%
Châteauguay Moose Jaw
0%
New Westminster Moriguchi
0%
Victoria Morioka
0%
Quebec City Namur
0%
Timmins Naoshima
0%
Victoria Napier
0%
Edmonton Nashville
0%
Calgary Naucalpan de Juárez
0%
Kawartha Lakes Nayoro
0%
Richmond Hill Netanya
0%
Neuville Neuville-de-Poitou
0%
Saint John Newport
0%
Oakville Neyagawa
0%
Sidney Niimi
0%
Markham Nördlingen
0%
Airdrie North Lanarkshire
0%
Port Hardy Numata
0%
Owen Sound Ocho Rios
0%
Windsor Ohrid
0%
Tecumseh Oldcastle
0%
Cantley Ornans
0%
Brantford Ostrów Wielkopolski
0%
Prince Rupert Owase
0%
Mission Oyama
0%
Laval Pedro Aguirre Cerda
0%
Salaberry-de-Valleyfield Penglai (Yantai)
0%
Woodstock Pesche
0%
Richmond Pierrefonds-Roxboro (Montreal)
0%
Sooke Port Townsend
0%
Iqaluit Qeqqata
0%
New Westminster Quezon City
0%
Hamilton Racalmuto
0%
Vaughan Ramla
0%
Armstrong Rathfriland
0%
Laval Ribeira Grande
0%
Lacombe Rikubetsu
0%
Saint-Valentin Rikubetsu
0%
Salaberry-de-Valleyfield Safi
0%
Lorraine Saint-Dié-des-Vosges
0%
Windsor Saint-Étienne
0%
Saint-Sulpice Saint-Jean-d'Angély
0%
Lethbridge Saint-Laurent (Montreal)
0%
Princeville Saint-M'Hervé
0%
Alma Saltillo
0%
Windsor Saltillo
0%
Winnipeg San Nicolás de los Garza
0%
Sainte-Agathe-des-Monts Saranac Lake
0%
Sault Ste. Marie Sault Ste. Marie
0%
Kingston Scottsdale
0%
Thunder Bay Seinäjoki
0%
Nanton Senantes
0%
Winnipeg Setagaya (Tokyo)
0%
Brandon Sheptytskyi
0%
Richmond Hill Shijiazhuang
0%
Saskatoon Shijiazhuang
0%
Stony Plain Shikaoi
0%
Squamish Shimizu
0%
Kenora Shimokawa
0%
Quesnel Shiraoi
0%
North Grenville Sokal
0%
Vaughan Sora
0%
Grand Forks Spremberg
0%
Castlegar Stephenville
0%
Summerside Stirling
0%
Bouctouche St. Martinville
0%
Vegreville Stryi
0%
Hamilton Sulmona
0%
Woodstock Sylvania
0%
Barrie Taizhou
0%
Vernon Tavullia
0%
Tecumseh Tecumseh
0%
Lethbridge Timashyovsk
0%
Vernon Tome
0%
Trois-Rivières Tours
0%
Lethbridge Towada
0%
Summerland Toyokoro
0%
Guelph Treviso
0%
Windsor Udine
0%
Kamloops Uji
0%
Saskatoon Umeå
0%
Whitehorse Ushiku
0%
Sioux Lookout Vashkivtsi
0%
Beaconsfield Verneuil-sur-Seine
0%
Terrebonne Vitré
0%
Richmond Wakayama
0%
Hanna Wake
0%
Cape Breton Wałbrzych
0%
Hanouchi Wanouchi
0%
Camrose Warwick (Southern Downs)
0%
Halton Hills Wenjiang (Chengdu)
0%
Kingsville Westlake
0%
St. Thomas Xuyi
0%
Vaughan Yangzhou
0%
Sainte-Brigitte-de-Laval Yerres
0%
Camrose Yichun
0%
Whitecourt Yūbetsu
0%
Castlegar Yueyang
0%
Burnaby Zhongshan
0%
Belleville Zhucheng
0%
Halifax Zhuhai
0%
Surrey Zhuhai
0%
Collingwood Zihuatanejo
0%
Barrie Zweibrücken
0%
No matching quizzes found
Score Distribution
Percent of People with Each Score
Percentile by Number Answered
Your Score History
You have not taken this quiz